La casa lúgubre
Uloženo v:
| Hlavní autor: | |
|---|---|
| Médium: | Kniha |
| Jazyk: | španělština |
| Vydáno: |
Barcelona
DeBolsillo
2012
|
| Vydání: | 1a. ed |
| Edice: | Clásica
|
| Témata: | |
| Tagy: |
Přidat tag
Žádné tagy, Buďte první, kdo vytvoří štítek k tomuto záznamu!
|
MARC
| LEADER | 00000cam a2200000 a 4500 | ||
|---|---|---|---|
| 001 | UCF2090 | ||
| 003 | CL-VaPUC | ||
| 008 | 120810e20120000SP |||||||||||||||||spa|d | ||
| 020 | |a 9788499893884 | ||
| 082 | 0 | 4 | |a 823 |b DIC |2 21 |
| 100 | 0 | |a Dickens, Charles |e author |9 319540 | |
| 245 | 1 | 3 | |a La casa lúgubre |
| 250 | |a 1a. ed | ||
| 300 | |a 1054 p | ||
| 942 | |c BK | ||
| 945 | |d 20120810 00:00:00 |a cmena | ||
| 260 | |a Barcelona |b DeBolsillo |c 2012 | ||
| 650 | 0 | |a Novelas inglesas |9 265220 | |
| 650 | 0 | |a Literatura inglesa |9 312907 | |
| 583 | |a last modification |c 20120810 11:35:00 |k Rodrigo Vera | ||
| 490 | 0 | |a Clásica | |
| 999 | |c 348749 |d 348747 | ||
| 952 | |0 0 |1 0 |4 0 |6 823_000000000000000_DIC_2012 |7 0 |8 A |9 450907 |a BIBING |b BIBING |d 2019-11-22 |i 4884108 |o 823 DIC 2012 |p 4884108 |r 2025-01-20 |w 2019-11-22 |y BK |k CUI | ||